000 01548nam a22002657a 4500
999 _c58027
_d58027
003 Ge_BSU
005 20210517131304.0
008 210517s2001 ge ||||| |||| 00| 0 geo d
041 _ageo
080 _a621.396 / 395 ფ - 69
245 _aფიჭურ პრინციპზე აგებული ტელეკომუნიკაციის სისტემები /
_cნ. თამაზაშვილი, გ. გაბესკირია, ნ. თოდუა, თ. ვეკუა, თ. კვინიკაძე, ი. კუბეცია, ბ. ღვინჯილია; ნ. თამაზაშვილის რედაქციით.
264 _aთბილისი:
_bმერანი-3,
_c2001.
300 _a207 გვ.
_bნახ.
_c20 სმ.
504 _aბიბლიოგრ. გვ.206-207
653 _aტელეკომუნიკაცია
700 _aთამაზაშვილი, ნ.
_eავტორი
_91108
700 _aგაბესკირია, გ.
_eავტორი
_911806
700 _aთოდუა, ნ.
_eავტორი
_99612
700 _aვეკუა, თ.
_eავტორი
_911807
700 _aკვინიკაძე, თ.
_eავტორი
_911808
700 _aკუბეცია, ი.
_eავტორი
_911809
700 _aღვინჯილია, ბ.
_eავტორი
_911810
700 _aთამაზაშვილი, ნ.
_eრედაქტორი
_91108
942 _2udc
_cBK